| 000 | 00697nam a2200193Ia 4500 | ||
|---|---|---|---|
| 003 | GCL | ||
| 008 | 140319s9999 xx 000 0 ara d | ||
| 040 |
_aGCL / _cGCL |
||
| 082 | 0 | 4 |
_a239 _bط م |
| 100 | 1 | _aطلعت محمد عفيفى سالم | |
| 245 | 1 | 0 |
_aمختارات من القصص الصحيح فى السنه النبوية: دراسة تحليلة وتربوية / _cطلعت محمد عفيفى سالم |
| 260 |
_a[S.N] : _bالزهراء للاعلام العربى ، _c1988 |
||
| 300 | _a244 | ||
| 490 |
_aالسلسلة الشعرية الثانية _v0 |
||
| 650 | 0 | 4 | _aالاسلام |
| 650 | 0 | 4 | _aالسيرة النبوية |
| 650 | 0 | 4 | _aالحديث |
| 942 |
_2ddc _cBK |
||
| 999 |
_c53568 _d53568 |
||